书目信息 |
| 题名: |
配色编制图案120
|
|
| 作者: | 刘春香 编 | |
| 分册: | ||
| 出版信息: | 北京 海洋出版社 1991.09 |
|
| 页数: | 94页 | |
| 开本: | 16开 | |
| 丛书名: | ||
| 单 册: | ||
| 中图分类: | TS941.763-64 | |
| 科图分类: | ||
| 主题词: | 服装工业 | |
| 电子资源: | ||
| ISBN: | 7-5027-1526-6 | |
| 000 | 00550nam0 2200193 45 | |
| 001 | 0101081002 | |
| 005 | 20010108101212.3 | |
| 010 | @a7-5027-1526-6@d6.80元 | |
| 100 | @a20010108d1991 km y0chiy0120 ea | |
| 101 | 0 | @achi |
| 105 | @a z 000yy | |
| 200 | 1 | @a配色编制图案120@APei Se Bian Zhi Tu An 120@f刘春香编@FLiu Chun Xiang Bian |
| 210 | @a北京@c海洋出版社@d1991.09 | |
| 215 | @a94页@d16开 | |
| 606 | 0 | @a服装工业 |
| 690 | @aTS941.763-64@v3 | |
| 701 | 0 | @a刘春香@4编 |
| 801 | @aCN@bPftUser@c20010108 | |
| 905 | @b519336-340@dTS941.763-64@eL883@f5 | |
| 配色编制图案120/刘春香编.-北京:海洋出版社,1991.09 |
| 94页;16开 |
| ISBN 7-5027-1526-6:6.80元 |
| ● |
| 相关链接 |
|
|
|
正题名:配色编制图案120
索取号:TS941.763-64/L883
 
预约/预借
| 序号 | 登录号 | 条形码 | 馆藏地/架位号 | 状态 | 备注 |
| 1 | 519336 | 205193360 | 自科二线504/110考试书库 3排1列4层/ [索取号:TS941.763-64/L883] | 在馆 | |
| 2 | 519337 | 205193379 | 自科库501/ [索取号:TS941.763-64/L883] | 在馆 | |
| 3 | 519338 | 205193388 | 自科库501/ [索取号:TS941.763-64/L883] | 在馆 | |
| 4 | 519339 | 205193397 | 自科二线504/504自科库 44排5列3层/ [索取号:TS941.763-64/L883] | 在馆 | |
| 5 | 519340 | 205193404 | 自科库501/ [索取号:TS941.763-64/L883] | 在馆 |